|
|
|
|
| LEADER |
00000cam a2200000 a 4500 |
| 001 |
vtls011623002 |
| 003 |
SK-MaSNL |
| 005 |
20260301222613.0 |
| 008 |
240318s2016 xr ao g n 000 0 slo |
| 015 |
|
|
|a SNBZSA2017/6
|
| 020 |
|
|
|a 9788020443458
|q (brožované)
|
| 035 |
|
|
|a urn:nbn:sk:snk-am00dg6y
|
| 035 |
|
|
|a urn:nbn:sk:snk-am3i173
|
| 035 |
|
|
|a 30C58B3D-B9A8-490C-8346-48E17996AC3E
|
| 040 |
|
|
|a SNK
|b slo
|c SNK
|e AACR2
|
| 041 |
1 |
|
|a slo
|h eng
|
| 044 |
|
|
|a xr
|c CZ
|
| 072 |
|
7 |
|a 159.92
|x Vývinová psychológia. Psychológia osobnosti
|2 konspekt
|
| 080 |
|
|
|a 165.242.1
|2 2011
|
| 080 |
|
|
|a 159.923.5
|2 2011
|
| 080 |
|
|
|a 159.955
|2 2011
|
| 080 |
|
|
|a 159.95:165.19
|2 2011
|
| 080 |
|
|
|a (0.062)
|2 2011
|
| 100 |
1 |
|
|a Gáborová, Katarina,
|d 1979-
|4 aut
|9 612450
|
| 240 |
1 |
0 |
|a V!VA Tools for well-being
|l Slovensky
|
| 245 |
1 |
0 |
|a V!VA - cesta k spokojnosti
|c Katarina Gáborová
|
| 246 |
3 |
|
|a VIVA - cesta k spokojnosti
|
| 250 |
|
|
|a 1. vyd.
|
| 260 |
|
|
|a Praha
|b Mladá fronta
|c 2016
|
| 300 |
|
|
|a 205 s.
|b fotografie, ilustrácie
|c 17 cm
|
| 504 |
|
|
|a Bibliografia na strane 196-205
|
| 546 |
|
|
|a Preložené z angličtiny
|
| 650 |
0 |
7 |
|a sebapoznanie
|2 SNKPH
|9 4292
|
| 650 |
0 |
7 |
|a sebazdokonaľovanie
|2 SNKPH
|9 16609
|
| 650 |
0 |
7 |
|a rozvoj osobnosti
|2 SNKPH
|9 63298
|
| 650 |
0 |
7 |
|a Self-consciousness
|2 SNKPHeng
|9 281701
|
| 650 |
0 |
7 |
|a Self-actualization
|2 SNKPHeng
|9 275895
|
| 650 |
0 |
7 |
|a Personality development
|2 SNKPHeng
|9 275896
|
| 650 |
0 |
7 |
|a Problem solving
|2 SNKPHeng
|9 328747
|
| 650 |
0 |
7 |
|a riešenie problémov
|2 SNKPH
|9 30067
|
| 655 |
|
7 |
|a populárno-náučné publikácie
|2 SNKPH
|9 70460
|
| 655 |
|
7 |
|a Popular works
|2 SNKPHeng
|9 90287
|
| 919 |
|
|
|a 978-80-204-4345-8
|
| 958 |
|
|
|a CZ
|
| 958 |
|
|
|a NB
|
| 958 |
|
|
|a OP
|
| 958 |
|
|
|a ZS
|
| 999 |
|
|
|c 940439
|d 942369
|
| 952 |
|
|
|a SNK
|b SNK
|y PREZ
|7 0
|p 17A1259342
|o snkSD 86311
|i snk2017/12592
|8 4
|g 9.51
|0 0
|1 0
|4 0
|d 2017-04-10
|f 1
|l 0
|r 2026-02-24 09:16:44
|w 2026-02-24
|